000 00319nam a2200133Ia 4500
005 20251222155122.0
008 251222s9999||||xx |||||||||||||| ||spa||
082 _aREL.157
100 _aPEREZ MONTERO, José.
245 0 _aHistoria de la Biblia
250 _a1ra. ed.
264 _bSociedades biblicas
942 _cLIB
999 _c38481
_d38481